Gymnastics 7-11 : a session-by-session approach to key stage 2

Αποθηκεύτηκε σε:
Λεπτομέρειες βιβλιογραφικής εγγραφής
Κύριος συγγραφέας: Carroll, M. E.
Άλλοι συγγραφείς: Manners, H.
Μορφή: Βιβλίο
Γλώσσα:English
Δημοσίευση: London : The Falmer Press, 1991
Θέματα:
Ετικέτες: Προσθήκη ετικέτας
Δεν υπάρχουν, Καταχωρήστε ετικέτα πρώτοι!

MARC

LEADER 00000nam a2200000 i 4500
001 1/93495
008 991122s1991 eng d
020 |a 0-75070-002-5 
035 |l 10054429 
040 |a GR-MY-UA  |b gre  |e aacr 
041 0 |a eng 
082 0 |a 796.44083 
100 1 |a Carroll, M. E. 
245 1 0 |a Gymnastics 7-11 :  |b a session-by-session approach to key stage 2 /  |c M.E. Carroll, H.K. Manners 
260 |a London :   |b The Falmer Press,   |c 1991 
300 |a 176 p. 
650 0 0 |a Gymnastics for children. 
700 1 |a Manners, H. 
852 |a INST  |b RHODES  |e 19991122  |h 796.44083 CAR  |p 005400011916  |q 005400011916  |t BK  |y 0 
901 |a BIBL4-1999-3 
909 |a Ρ  |b 068234 
922 |a 4ΕΛΗ  |b 199908  |c ΚΠΣ/154  |d GLORY BOOKS 
970 |a ΚΟΥΛΑΚΙΟΤΗ  |b ΛΙΤΣΑ  |z 1999/11/22